Alertas tempranas: (Registro nro. 6418)

Detalles MARC
000 -CABECERA
Campo de control 00638nam a2200205 a 4500
005 - FECHA Y HORA DE LA ULTIMA TRANSACCION
Campo de control 20170710153213.0
008 - ELEMENTOS DE LONGITUD FIJA—INFORMACION GENERAL
Campo de control 160421b xxu||||| |||| 00| 0 spa d
040 ## - FUENTE DE CATALOGACIÓN
Agencia catalogadora original CO-BoIAVH
Agencia transcriptora CO-BoIAVH
041 ## - IDIOMA
Código de idioma para texto/pista de sonido o título separado Español
090 ## - CLASIFICACIÓN LOCAL
Colección FG-
Consecutivo 00358
110 2# - ASIENTO PRINCIPAL--NOMBRE CORPORATIVO
Nombre corporativo o de jurisdicción como elemento de entrada Ideam
245 1# - MENCION DE TITULO
Título Alertas tempranas:
Parte restante del título una estrategia para reducir impactos de los desastres naturales y prepararnos para el cambio climático
260 ## - PUBLICACION, DISTRIBUCION, ETC. (PIE DE IMPRENTA)
Lugar de publicación, distribución, etc. Bogotá
Nombre del editor, distribuidor, etc. IDEAM
Fecha de publicación, distribución, etc. 2008
300 ## - DESCRIPCION FISICA
Extensión 15 paginas
650 14 - ASIENTO SECUNDARIO DE MATERIA - TERMINO TEMATICO
Término temático o nombre geográfico como elemento de entrada Cambio Climatico
650 14 - ASIENTO SECUNDARIO DE MATERIA - TERMINO TEMATICO
Término temático o nombre geográfico como elemento de entrada Desastres Naturales
650 14 - ASIENTO SECUNDARIO DE MATERIA - TERMINO TEMATICO
Término temático o nombre geográfico como elemento de entrada Prevenciòn
650 14 - ASIENTO SECUNDARIO DE MATERIA - TERMINO TEMATICO
Término temático o nombre geográfico como elemento de entrada Alertas tempranas
942 ## - ELEMENTOS ADICIONALES (KOHA)
Tipo de ítem Folleto
Sistema de clasificación Local
Existencias
Withdrawn status Lost status Sistema de Clasificación Damaged status No para préstamo Colección Inventariado Ubicación Permanente Ubicación actual Fecha de adquisición Fuente de Valor Total Checkouts Número topográfico Inventario / Código de Barras Date last seen Ejemplar Price effective from Forma de adquisición Tipo de material
    Local     Hemeroteca   Bogotá Bogotá 09/06/2017     EA-00358 041406 09/06/2017 Ej. 2 09/06/2017 Donación Folleto
    Dewey Decimal Classification     Hemeroteca   Bogotá Bogotá 28/01/2020     EA-00358 043488 28/01/2020 Ej. 4 28/01/2020 Donación Folleto
    Local     Educación Ambiental Inventariado 2017 Sala Fabio Quevedo Sala Fabio Quevedo 08/07/2008 IDEAM   EA-00358 024194 04/12/2012 Ej. 3 04/12/2012 Donación Folleto
    Local     Educación Ambiental Inventariado 2017 Sala Fabio Quevedo Sala Fabio Quevedo 24/03/2009     EA-00358 026779 04/12/2012 Ej.1 04/12/2012 Donación Folleto